000 00501nam a22002057a 4500
999 _c7643
_d7643
001 7643
003 BD-JhCC
005 20180417122317.0
008 180212s1966 -uk |||| |||| 00| 0 eng d
035 _a(BD-JhCC)7643
040 _aBD-JhCC
_dBD-JhCC
041 _aeng
082 _a813
_bBAT 1966
100 _aBates, H. E.
245 _aOh! to be in England /
_cH. E. Bates
260 _aEngland :
_bPenguin Books,
_c1966.
300 _a142 p. :
_c18 cm.
650 _aCountry Life
942 _2ddc
_cBK